Statistiques concernant L'Allemagne par images

Cliquez ici pour prendre le quiz!

Statistiques générales

  • Ce quiz a été pris 100 fois
  • Le résultat moyen est 14 sur 18

Statistiques - réponses

Réponse% Correct
Bière
99%
Bretzel
98%
Albert Einstein
97%
Berlin
95%
Mercedes-Benz
93%
Saucisse
92%
Angela Merkel
91%
Anne Frank
91%
Volkswagen
87%
Bavière
82%
Francfort-sur-le-Main
80%
Münich
78%
Porte de Brandebourg
76%
Cologne
71%
Danube
62%
Château de {Neuschwanstein}
39%
Reichstag
28%
Château de {Hohenschwangau}
5%

Distribution des résultats

Percentile par nombre de réponses

% des personnes avec chaque résultat

Votre développement - résultats

Vous n’avez pas pris ce quiz